Le 10 più grandi economie dell'Africa - Statistics

Statistiche generali
  • Questo quiz è stato fatto 2.325 volte
  • Il punteggio medio è 8 su 10
Statistiche sulle risposte
PIL Paese % Corretto
1026 bil Sudafrica
99%
1899 bil Egitto
98%
409 bil Marocco
97%
769 bil Algeria
93%
1444 bil Nigeria
88%
366 bil Kenya
79%
432 bil Etiopia
73%
244 bil Tanzania
63%
271 bil Angola
57%
241 bil Ghana
56%
Nessun quiz corrispondente trovato
Distribuzione punteggi
Percentuale di utenti per punteggio
Percentile per numero di risposta
I tuoi punteggi nel tempo
Non hai fatto questo quiz